000 00669cam a2200217 4500
008 000000n2001 000 0 eng u
020 _a0419235507
035 _a(Sirsi) u109186
050 _a624
100 _aNarayanan, R. S.
245 _aIntroduction to design for civil engineers
260 _aLondon
_bSpon Press
_c2001
300 _avi, 196p. ; 24cm.
350 _a14.99
520 _aA concise book that provides students and newly qualified professionals with the necessary background on terminology used in design.
650 _aSTRUCTURAL ENGINEERING
650 _aDESIGN
690 _aBUILT ENVIRONMENT
700 _aBeeby, A.W.
942 _n0
999 _c100893
_d100893